Seniloquium : (Record no. 65884)

MARC details
000 -LEADER
campo de control de longitud fija 00629nmm a2200193Ia 4500
008 - DATOS DE LONGITUD FIJA--INFORMACIÓN GENERAL
campo de control de longitud fija 251105s9999||||xx |||||||||||||||||und||
020 ## - NÚMERO INTERNACIONAL ESTÁNDAR DEL LIBRO
Número Internacional Estándar del Libro 9788437064611
041 ## - CÓDIGO DE IDIOMA
Código de lengua del texto/banda sonora o título independiente spa
100 ## - ENTRADA PRINCIPAL--NOMBRE DE PERSONA
Nombre de persona García de Castro, Diego
245 #0 - MENCIÓN DEL TÍTULO
Título Seniloquium :
Resto del título Refranes que dizen los viejos
264 ## - PRODUCCIÓN, PUBLICACIÓN, DISTRIBUCIÓN, FABRICACIÓN Y COPYRIGHT
Producción, publicación, distribución, fabricación y copyright [Madrid, España] :
Nombre del de productor, editor, distribuidor, fabricante Publicaciones de la Universidad de Valencia (PUV),
Fecha de producción, publicación, distribución, fabricación o copyright 2006
300 ## - DESCRIPCIÓN FÍSICA
Extensión 428 páginas
650 ## - PUNTO DE ACCESO ADICIONAL DE MATERIA--TÉRMINO DE MATERIA
Término de materia o nombre geográfico como elemento de entrada Literary History
700 ## - ENTRADA AGREGADA--NOMBRE PERSONAL
Nombre de persona García de Castro, Diego
700 1# - ENTRADA AGREGADA--NOMBRE PERSONAL
Nombre de persona Cantalapiedra Erostarbe, Fernando
700 1# - ENTRADA AGREGADA--NOMBRE PERSONAL
Nombre de persona Moreno Uclés, Juan
856 ## - LOCALIZACIÓN Y ACCESO ELECTRÓNICOS
Identificador Uniforme de Recursos <a href="https://public.digitaliapublishing.com/a/35302">https://public.digitaliapublishing.com/a/35302</a>
942 ## - ELEMENTOS DE ENTRADA SECUNDARIOS (KOHA)
Tipo de ítem Koha Libro Digital

No items available.

Powered by Koha